LEADER 01131nam 2200385 450 001 9910398227603321 010 $a958-762-362-2 035 $a(CKB)4100000006672446 035 $a(MiAaPQ)EBC5513696 035 $a(EXLCZ)994100000006672446 100 $a20181210d2014 uy 0 101 0 $aspa 135 $aurcnu|||||||| 181 $2rdacontent 182 $2rdamedia 183 $2rdacarrier 200 10$aPoli?tica econo?mica $eaplicaciones para Colombia /$fMauricio Villamizar Jaimes 210 1$aBogota? :$cEdiciones de la U,$d2014. 215 $a1 online resource (204 pa?ginas) $cilustraciones 225 1 $aFinanzas 311 $a958-762-209-X 320 $aContiene bibliografi?a. 410 0$aFinanzas. 606 $aPoli?tica econo?mica 607 $aColombia$xEconomic policy 607 $aColombia 608 $aLibros electronicos. 615 4$aPoli?tica econo?mica. 676 $a338.9861 700 $aVillamizar Jaimes$b Mauricio$0862604 801 0$bFINmELB 906 $aBOOK 912 $a9910398227603321 996 $aPoli?tica econo?mica$91925433 997 $aUNINA LEADER 01549nam 2200493Ia 450 001 9910782731103321 005 20230207230020.0 010 $a0-8214-4097-7 035 $a(CKB)1000000000713426 035 $a(OCoLC)613383773 035 $a(CaPaEBR)ebrary10137842 035 $a(SSID)ssj0000285275 035 $a(PQKBManifestationID)11208284 035 $a(PQKBTitleCode)TC0000285275 035 $a(PQKBWorkID)10277640 035 $a(PQKB)11521668 035 $a(MiAaPQ)EBC3026891 035 $a(Au-PeEL)EBL3026891 035 $a(CaPaEBR)ebr10137842 035 $a(EXLCZ)991000000000713426 100 $a20020625d2003 uy 0 101 0 $aeng 135 $aurcn||||||||| 181 $ctxt 182 $cc 183 $acr 200 10$aView from the Fazenda$b[electronic resource] $ea tale of the Brazilian heartlands /$fEllen Bromfield Geld 210 $aAthens, Ohio $cOhio University Press$dc2003 215 $a1 online resource (360 p.) 300 $aBibliographic Level Mode of Issuance: Monograph 311 $a0-8214-1474-7 606 $aPlantation life$zBrazil$zSa?o Paulo (State) 607 $aSa?o Paulo (Brazil : State)$xSocial life and customs 607 $aSa?o Paulo (Brazil : State)$xHistory$y20th century 615 0$aPlantation life 676 $a981/.61 700 $aGeld$b Ellen Bromfield$f1932-$0444267 801 0$bMiAaPQ 801 1$bMiAaPQ 801 2$bMiAaPQ 906 $aBOOK 912 $a9910782731103321 996 $aView from the Fazenda$93680279 997 $aUNINA